| 000 | 00683nam a2200181Ia 4500 | ||
|---|---|---|---|
| 008 | 090124s9999 xx 000 0 und d | ||
| 082 |
_b27328 _a3604 |
||
| 100 | _aतांबोळी लक्ष्मीकांत | ||
| 245 | _a काव्यवृत्ती आणि प्रवृती | ||
| 250 | _a1 | ||
| 260 | _c1993 | ||
| 300 | _a120 | ||
| 600 | _aतांबोळी लक्ष्मीकांत | ||
| 630 | _a काव्यवृत्ती आणि प्रवृती | ||
| 700 | _aतांबोळी लक्ष्मीकांत | ||
| 730 | _a काव्यवृत्ती आणि प्रवृती | ||
| 942 | _cBOOK | ||
| 999 |
_c140793 _d140793 |
||